| 000 | 00739nam a22002657a 4500 | ||
|---|---|---|---|
| 001 | BR0901880 | ||
| 003 | BR-BrBNA | ||
| 005 | 20230928102901.0 | ||
| 007 | ta | ||
| 008 | 230509b bl.||||| |||| 00| 0 por d | ||
| 040 |
_aBR-BrBNA _bpor _cBiblioteca Nacional de Agricultura |
||
| 041 | _a(Por) | ||
| 072 | _aF30 | ||
| 090 | _ F30 BR0901880 | ||
| 100 | 1 | _aGuerrante, R. di S. | |
| 245 | 1 | _aTransgênicos; uma visão estratégica | |
| 260 | 3 |
_aRio de janeiro, RJ (Brasil): _bEditora Interciência, _c2003. |
|
| 300 | _a173 p. | ||
| 500 | _aBibliography p. 153-173 | ||
| 650 | _aPLANTA TRANSGÊNICA | ||
| 650 | _aMELHORAMENTO GENÉTICO VEGETAL | ||
| 650 | _aBIOTECNOLOGIA | ||
| 909 |
_a202309 _bLucia _c55 _dLucia Elande |
||
| 942 | _cBK | ||
| 999 |
_c72839 _d72839 |
||